000 01383nam a22003857a 4500
003 CHAP
005 20250613132657.0
008 971013s1972 r 00010 d
010 _a45714
011 _a46686
035 _a50827
040 _cCHAP
082 _a634.0913
_bF3
110 _aFAO
245 _aProductos de frutas tropicales
_b: tendencias y perspectivas de la producción y el comercio de piña enlatada y productos de frutas tropicales exóticas
260 _aRoma :
_bFAO,
_c1972
300 _a67 p.
490 _aFAO. Serie sobre productos
_v; 51
590 _aBATCH-UPD
_b10
_c20130110
_lUCH01
_h0114
590 _aBATCH-UPD
_b10
_c20130110
_lUCH01
_h0836
590 _aBATCH-UPD
_b10
_c20130409
_lUCH01
_h2106
590 _aBATCH-UPD
_b10
_c20130410
_lUCH01
_h0514
590 _aBATCH-UPD
_b10
_c20130914
_lUCH01
_h1445
590 _aCONVERSION
_b10
_c20130109
_lUCH01
_h1325
650 1 4 _aFruta
_xMercadeo.
_943633
650 1 4 _aFruticultura
_xTrópicos.
_943755
650 1 4 _aPiña enlatada.
_988442
650 1 7 _aPiña (Ananas comosus)
_xMercadeo
_2
_988411
830 0 _aFAO. Serie sobre productos
_v; 51
_939695
901 _aBK
942 _cLIBRO
949 _a634.0913 F3
_bBC
_cFAO
_d-114106
_eFAO1
_h43249
_i50827
_si
949 _a634.0913 F3
_bBC
_cFAO
_d-114108
_eFAO2
_fc.2
_h43250
_i50827
_si
949 _a634.0913 F3
_bBC
_cFAO
_d-114109
_eFAO2
_fc.3
_h43251
_i50827
_si
999 _c45714
_d45714